载入...

Trueial states /

书目详细资料
主要作者: Hawley, Donald
语言:Undetermined
出版: 1970
LEADER 00357nam a2200121Ia 4500
001 100132
008 170722s9999 xx 000 0 und d
100 |a Hawley, Donald 
245 |a Trueial states / 
260 |c 1970 
942 |c GEN 
999 |c 5906  |d 5906 
952 |0 0  |1 0  |4 0  |6 V_61411_N6_L0  |7 0  |8 LC1  |9 6753  |a LIB  |b LIB  |d 2017-08-12  |o V6141:1.N6 L0  |p 140448  |r 2017-08-12  |w 2017-08-12  |y GEN